| 000 | 00870nam a2200241 a 4500 | ||
|---|---|---|---|
| 999 |
_c11879 _d11879 |
||
| 001 | 11879 | ||
| 003 | BD-JhCC | ||
| 005 | 20220804134023.0 | ||
| 008 | 201123t2014 bg ||||| |||| 00| 0 ben d | ||
| 020 | _a9847020900054 | ||
| 035 | _a(BD-JhCC) 11879 | ||
| 040 |
_aBD-JhCC _dBD-JhCC |
||
| 041 | _aben | ||
| 082 |
_a891.44 _bASI 2008 |
||
| 100 | _aআসিমভ, আইজাক | ||
| 245 |
_aসায়েন্স ফিকশন রোবট সিরিজ: _bদ্য কেভস অব স্টিল / _cঅনুঃ সাদেকুল আহসান |
||
| 260 |
_aঢাকাঃ _bসন্দেশ; _c২০০৮. |
||
| 300 |
_a২৩৯ পৃ. ; _c২২ সেমি. |
||
| 650 |
_aScience Fiction _vBangladesh |
||
| 700 | _aআহসান, সাদেকুল | ||
| 942 |
_2ddc _cBK _01 |
||